Forest rain : (Record no. 26051)
[ view plain ]
| 000 -LEADER | |
|---|---|
| fixed length control field | 00850nam a2200241 i 4500 |
| 005 - DATE AND TIME OF LATEST TRANSACTION | |
| control field | 20250707141338.0 |
| 008 - FIXED-LENGTH DATA ELEMENTS--GENERAL INFORMATION | |
| fixed length control field | 230904s2017 ph 000 0 eng |
| 020 ## - INTERNATIONAL STANDARD BOOK NUMBER | |
| International Standard Book Number | 9789718216873 |
| Qualifying information | (paperback) |
| 040 ## - CATALOGING SOURCE | |
| Original cataloging agency | DLC |
| Transcribing agency | DLC |
| Modifying agency | CSPC |
| Description conventions | rda |
| 082 ## - DEWEY DECIMAL CLASSIFICATION NUMBER | |
| Classification number | 813.4 |
| Item number | F761f |
| 100 ## - MAIN ENTRY--PERSONAL NAME | |
| Personal name | Forester, Michael, |
| Relator term | author. |
| 245 ## - TITLE STATEMENT | |
| Title | Forest rain : |
| Remainder of title | spiritual learnings for a new age / |
| Statement of responsibility, etc. | Michael Forester |
| 264 ## - PRODUCTION, PUBLICATION, DISTRIBUTION, MANUFACTURE, AND COPYRIGHT NOTICE | |
| Place of production, publication, distribution, manufacture | Malabon City : |
| Name of producer, publisher, distributor, manufacturer | Mutya Publishing House, Inc., |
| Date of production, publication, distribution, manufacture, or copyright notice | 2017. |
| 300 ## - PHYSICAL DESCRIPTION | |
| Extent | 151 pages : |
| Dimensions | 23 cm. |
| 336 ## - CONTENT TYPE | |
| Source | rdacontent |
| Content type term | text |
| Content type code | txt |
| 337 ## - MEDIA TYPE | |
| Source | rdamedia |
| Media type term | unmediated |
| Media type code | n |
| 338 ## - CARRIER TYPE | |
| Source | rdacarrier |
| Carrier type term | volume |
| Carrier type code | nc |
| 650 ## - SUBJECT ADDED ENTRY--TOPICAL TERM | |
| Topical term or geographic name entry element | Self-actualization |
| General subdivision | Psychology. |
| 650 ## - SUBJECT ADDED ENTRY--TOPICAL TERM | |
| Topical term or geographic name entry element | Spiritual direction |
| 650 ## - SUBJECT ADDED ENTRY--TOPICAL TERM | |
| Topical term or geographic name entry element | Spiritual life |
| 942 ## - ADDED ENTRY ELEMENTS (KOHA) | |
| Source of classification or shelving scheme | Dewey Decimal Classification |
| Suppress in OPAC | No |
| Koha item type | Books |
| Classification part | 813.4 F761f |
| Call number prefix | FIL |
| Call number suffix | 2017 |
| Withdrawn status | Lost status | Source of classification or shelving scheme | Damaged status | Not for loan | Home library | Current library | Shelving location | Date acquired | Total Checkouts | Full call number | Barcode | Date last seen | Copy number | Price effective from | Koha item type |
|---|---|---|---|---|---|---|---|---|---|---|---|---|---|---|---|
| Dewey Decimal Classification | CAMPUS CSPC | CAMPUS CSPC | Filipiniana Section | 09/04/2023 | FIL 813.4 F761f 2017 | 000558-BUH | 09/04/2023 | 1-3 | 09/04/2023 | Books | |||||
| Dewey Decimal Classification | CAMPUS CSPC | CAMPUS CSPC | Filipiniana Section | 09/04/2023 | FIL 813.4 F761f 2017 | 000559-BUH | 09/04/2023 | 2-3 | 09/04/2023 | Books | |||||
| Dewey Decimal Classification | CAMPUS CSPC | CAMPUS CSPC | Filipiniana Section | 09/04/2023 | FIL 813.4 F761f 2017 | 000560-BUH | 09/04/2023 | 3-3 | 09/04/2023 | Books |